[Event "Priit Leito Memorial Tournament"]
[Site "Tallinn, Paul Keres Chess House, Estonia"]
[Date "2023.02.04"]
[Round "6.3"]
[White "Valner, Uku"]
[Black "Miezis, Normunds"]
[Result "0-1"]
[TimeControl " Rapid: 15 minutes for game with 3 seconds increment from move 1"]
[WhiteTitle "FM"]
[BlackTitle "GM"]
[WhiteElo "2209"]
[BlackElo "2502"]

1. e4 {

[%clk 00:15:04]

} {

[%emt 00:00:02]

} c5 {

[%clk 00:15:04]

} {

[%emt 00:00:03]

} 2. Nc3 {

[%clk 00:15:06]

} {

[%emt 00:00:01]

} e6 {

[%clk 00:14:58]

} {

[%emt 00:00:08]

} 3. g3 {

[%clk 00:15:06]

} {

[%emt 00:00:03]

} Nc6 {

[%clk 00:14:56]

} {

[%emt 00:00:05]

} 4. Bg2 {

[%clk 00:15:08]

} {

[%emt 00:00:01]

} g6 {

[%clk 00:14:49]

} {

[%emt 00:00:10]

} 5. d3 {

[%clk 00:15:09]

} {

[%emt 00:00:02]

} Bg7 {

[%clk 00:14:48]

} {

[%emt 00:00:04]

} 6. Be3 {

[%clk 00:15:10]

} {

[%emt 00:00:03]

} d6 {

[%clk 00:14:43]

} {

[%emt 00:00:07]

} 7. f4 {

[%clk 00:14:31]

} {

[%emt 00:00:42]

} Nge7 {

[%clk 00:14:13]

} {

[%emt 00:00:33]

} 8. Nf3 {

[%clk 00:14:32]

} {

[%emt 00:00:02]

} Nd4 {

[%clk 00:14:11]

} {

[%emt 00:00:04]

} 9. O-O {

[%clk 00:14:31]

} {

[%emt 00:00:04]

} O-O {

[%clk 00:13:54]

} {

[%emt 00:00:20]

} 10. e5 {

[%clk 00:14:33]

} {

[%emt 00:00:02]

} dxe5 {

[%clk 00:12:47]

} {

[%emt 00:01:10]

} 11. Nxe5 {

[%clk 00:14:34]

} {

[%emt 00:00:02]

} Rb8 {

[%clk 00:11:52]

} {

[%emt 00:00:58]

} 12. Ne4 {

[%clk 00:12:49]

} {

[%emt 00:01:48]

} b6 {

[%clk 00:11:28]

} {

[%emt 00:00:28]

} 13. c3 {

[%clk 00:12:40]

} {

[%emt 00:00:12]

} Ndf5 {

[%clk 00:11:24]

} {

[%emt 00:00:06]

} 14. Bf2 {

[%clk 00:12:43]

} {

[%emt 00:00:02]

} Bb7 {

[%clk 00:11:13]

} {

[%emt 00:00:13]

} 15. Qe2 {

[%clk 00:11:16]

} {

[%emt 00:01:29]

} Nd6 {

[%clk 00:10:53]

} {

[%emt 00:00:23]

} 16. Rad1 {

[%clk 00:09:58]

} {

[%emt 00:01:21]

} Ba6 {

[%clk 00:10:25]

} {

[%emt 00:00:31]

} 17. Nxd6 {

[%clk 00:06:35]

} {

[%emt 00:03:27]

} Qxd6 {

[%clk 00:10:22]

} {

[%emt 00:00:06]

} 18. Nc4 {

[%clk 00:06:37]

} Qc7 {

[%clk 00:09:48]

} {

[%emt 00:00:38]

} 19. g4 {

[%clk 00:06:22]

} {

[%emt 00:00:18]

} b5 {

[%clk 00:09:17]

} {

[%emt 00:00:33]

} 20. Ne3 {

[%clk 00:05:28]

} {

[%emt 00:00:58]

} Rbe8 {

[%clk 00:06:58]

} {

[%emt 00:02:22]

} 21. Nc2 {

[%clk 00:02:25]

} {

[%emt 00:03:06]

} Nd5 {

[%clk 00:06:32]

} {

[%emt 00:00:28]

} 22. Bg3 {

[%clk 00:02:10]

} {

[%emt 00:00:19]

} Qb6 {

[%clk 00:06:31]

} {

[%emt 00:00:04]

} 23. Kh1 {

[%clk 00:01:40]

} {

[%emt 00:00:34]

} Bb7 {

[%clk 00:06:31]

} {

[%emt 00:00:03]

} 24. c4 {

[%clk 00:01:26]

} {

[%emt 00:00:18]

} Ne7 {

[%clk 00:05:37]

} {

[%emt 00:00:56]

} 25. b3 {

[%clk 00:01:14]

} {

[%emt 00:00:15]

} Nc6 {

[%clk 00:05:00]

} {

[%emt 00:00:40]

} 26. Bf2 {

[%clk 00:00:49]

} {

[%emt 00:00:29]

} b4 {

[%clk 00:04:42]

} {

[%emt 00:00:21]

} 27. Be3 {

[%clk 00:00:38]

} {

[%emt 00:00:14]

} f5 {

[%clk 00:04:17]

} {

[%emt 00:00:28]

} 28. Rde1 {

[%clk 00:00:14]

} {

[%emt 00:00:27]

} Bc3 {

[%clk 00:03:46]

} {

[%emt 00:00:34]

} 29. Bd2 {

[%clk 00:00:09]

} {

[%emt 00:00:08]

} Nd4 {

[%clk 00:03:45]

} {

[%emt 00:00:03]

} 30. Nxd4 {

[%clk 00:00:11]

} {

[%emt 00:00:02]

} cxd4 {

[%clk 00:03:46]

} {

[%emt 00:00:02]

} 31. Bxb7 {

[%clk 00:00:10]

} {

[%emt 00:00:04]

} Qxb7+ {

[%clk 00:03:46]

} {

[%emt 00:00:02]

} 32. Kg1 {

[%clk 00:00:09]

} {

[%emt 00:00:04]

} fxg4 {

[%clk 00:03:10]

} {

[%emt 00:00:39]

} 33. Bxc3 {

[%clk 00:00:08]

} {

[%emt 00:00:04]

} dxc3 {

[%clk 00:03:09]

} {

[%emt 00:00:04]

} 34. Qxg4 {

[%clk 00:00:11]

} {

[%emt 00:00:01]

} Qb6+ {

[%clk 00:03:09]

} {

[%emt 00:00:03]

} 35. Kg2 {

[%clk 00:00:08]

} {

[%emt 00:00:05]

} Qd4 {

[%clk 00:03:03]

} {

[%emt 00:00:09]

} 36. Qg3 {

[%clk 00:00:07]

} {

[%emt 00:00:05]

} Rd8 {

[%clk 00:02:38]

} {

[%emt 00:00:27]

} 37. Rxe6 {

[%clk 00:00:05]

} {

[%emt 00:00:05]

} Qxd3 {

[%clk 00:02:37]

} {

[%emt 00:00:04]

} 38. Qxd3 {

[%clk 00:00:05]

} {

[%emt 00:00:03]

} Rxd3 {

[%clk 00:02:37]

} {

[%emt 00:00:02]

} 39. Re2 {

[%clk 00:00:06]

} {

[%emt 00:00:02]

} Rd4 {

[%clk 00:02:34]

} {

[%emt 00:00:05]

} 40. Kg3 {

[%clk 00:00:08]

} {

[%emt 00:00:01]

} Rd3+ {

[%clk 00:02:30]

} {

[%emt 00:00:07]

} 41. Kg2 {

[%clk 00:00:10]

} {

[%emt 00:00:01]

} Kg7 {

[%clk 00:02:30]

} {

[%emt 00:00:03]

} 42. Re7+ {

[%clk 00:00:05]

} {

[%emt 00:00:08]

} Rf7 {

[%clk 00:02:31]

} {

[%emt 00:00:01]

} 43. Re2 {

[%clk 00:00:07]

} {

[%emt 00:00:01]

} Rfd7 {

[%clk 00:02:19]

} {

[%emt 00:00:15]

} 44. Rff2 {

[%clk 00:00:07]

} {

[%emt 00:00:03]

} Kf6 {

[%clk 00:02:19]

} {

[%emt 00:00:03]

} 45. h3 {

[%clk 00:00:05]

} {

[%emt 00:00:05]

} Rd2 {

[%clk 00:02:16]

} {

[%emt 00:00:05]

} 46. Kf3 {

[%clk 00:00:07]

} {

[%emt 00:00:02]

} R7d3+ {

[%emt 00:00:20]

} 47. Ke4 Rd4+ {

[%clk 00:01:30]

} {

[%emt 00:00:33]

} 48. Kf3 {

[%clk 00:00:09]

} {

[%emt 00:00:02]

} c2 {

[%clk 00:01:20]

} {

[%emt 00:00:13]

} 49. Rxd2 {

[%clk 00:00:04]

} {

[%emt 00:00:09]

} Rxd2 {

[%clk 00:01:15]

} {

[%emt 00:00:07]

} 0-1

[Event "Priit Leito Memorial Tournament"]
[Site "Tallinn, Paul Keres Chess House, Estonia"]
[Date "2023.02.04"]
[Round "6.4"]
[White "Sinitsina, Anastassia"]
[Black "Volodin, Aleksandr"]
[Result "1/2-1/2"]
[TimeControl " Rapid: 15 minutes for game with 3 seconds increment from move 1"]
[WhiteTitle "WFM"]
[BlackTitle "GM"]
[WhiteElo "2164"]
[BlackElo "2471"]

1. e4 {

[%clk 00:15:05]

} c5 {

[%clk 00:15:05]

} {

[%emt 00:00:01]

} 2. Nf3 {

[%clk 00:15:07]

} {

[%emt 00:00:01]

} d6 {

[%clk 00:15:07]

} {

[%emt 00:00:01]

} 3. d4 {

[%clk 00:15:09]

} cxd4 {

[%clk 00:15:09]

} {

[%emt 00:00:02]

} 4. Nxd4 {

[%clk 00:15:11]

} Nf6 {

[%clk 00:15:11]

} {

[%emt 00:00:01]

} 5. Nc3 {

[%clk 00:15:14]

} a6 {

[%clk 00:15:13]

} 6. Bg5 {

[%clk 00:15:15]

} {

[%emt 00:00:01]

} e6 {

[%clk 00:15:11]

} {

[%emt 00:00:06]

} 7. f4 {

[%clk 00:15:15]

} {

[%emt 00:00:04]

} h6 {

[%clk 00:15:11]

} {

[%emt 00:00:02]

} 8. Bh4 {

[%clk 00:15:13]

} {

[%emt 00:00:04]

} Nbd7 {

[%clk 00:15:13]

} {

[%emt 00:00:01]

} 9. Qe2 {

[%clk 00:14:49]

} {

[%emt 00:00:28]

} e5 {

[%clk 00:15:13]

} {

[%emt 00:00:03]

} 10. O-O-O {

[%clk 00:14:47]

} {

[%emt 00:00:05]

} exd4 {

[%clk 00:15:14]

} {

[%emt 00:00:02]

} 11. e5 {

[%clk 00:14:49]

} {

[%emt 00:00:02]

} dxe5 {

[%clk 00:14:37]

} {

[%emt 00:00:40]

} 12. fxe5 {

[%clk 00:14:49]

} {

[%emt 00:00:02]

} Be7 {

[%clk 00:14:40]

} 13. exf6 {

[%clk 00:13:54]

} {

[%emt 00:00:59]

} Nxf6 {

[%clk 00:14:31]

} {

[%emt 00:00:11]

} 14. Bxf6 {

[%clk 00:13:56]

} {

[%emt 00:00:02]

} gxf6 {

[%clk 00:14:13]

} {

[%emt 00:00:21]

} 15. Qe4 {

[%clk 00:13:55]

} {

[%emt 00:00:04]

} f5 {

[%clk 00:13:46]

} {

[%emt 00:00:30]

} 16. Qe5 {

[%clk 00:13:56]

} {

[%emt 00:00:02]

} O-O {

[%clk 00:13:13]

} {

[%emt 00:00:35]

} 17. Nd5 {

[%clk 00:13:03]

} {

[%emt 00:00:56]

} Bg5+ {

[%clk 00:12:50]

} {

[%emt 00:00:26]

} 18. Kb1 {

[%clk 00:13:06]

} Be6 {

[%clk 00:12:52]

} {

[%emt 00:00:02]

} 19. Rxd4 {

[%clk 00:11:46]

} {

[%emt 00:01:23]

} Bxd5 {

[%clk 00:12:52]

} {

[%emt 00:00:03]

} 20. Rxd5 {

[%clk 00:11:38]

} {

[%emt 00:00:11]

} Re8 {

[%clk 00:11:29]

} {

[%emt 00:01:25]

} 21. Rxd8 {

[%clk 00:11:28]

} {

[%emt 00:00:13]

} Raxd8 {

[%clk 00:11:31]

} 22. Qxe8+ {

[%clk 00:11:27]

} {

[%emt 00:00:04]

} Rxe8 {

[%clk 00:11:33]

} {

[%emt 00:00:01]

} 23. Bd3 {

[%clk 00:11:29]

} f4 {

[%clk 00:11:18]

} {

[%emt 00:00:18]

} 24. a3 {

[%clk 00:11:10]

} {

[%emt 00:00:22]

} Kg7 {

[%clk 00:11:10]

} {

[%emt 00:00:10]

} 25. Ka2 {

[%clk 00:11:04]

} {

[%emt 00:00:10]

} Re3 {

[%clk 00:10:47]

} {

[%emt 00:00:26]

} 26. Rf1 {

[%clk 00:10:54]

} {

[%emt 00:00:13]

} h5 {

[%clk 00:10:38]

} {

[%emt 00:00:11]

} 27. Bc4 {

[%clk 00:10:37]

} {

[%emt 00:00:21]

} Re5 {

[%clk 00:09:32]

} {

[%emt 00:01:09]

} 28. Rd1 {

[%clk 00:10:25]

} {

[%emt 00:00:15]

} Rc5 {

[%clk 00:09:09]

} {

[%emt 00:00:26]

} 29. Bb3 {

[%clk 00:10:05]

} {

[%emt 00:00:23]

} Rc7 {

[%clk 00:09:03]

} {

[%emt 00:00:09]

} 30. Rd5 {

[%clk 00:10:02]

} {

[%emt 00:00:06]

} f6 {

[%clk 00:08:25]

} {

[%emt 00:00:41]

} 31. c3 {

[%clk 00:09:54]

} {

[%emt 00:00:11]

} Re7 {

[%clk 00:08:23]

} {

[%emt 00:00:04]

} 32. Bd1 {

[%clk 00:09:55]

} {

[%emt 00:00:02]

} Kg6 {

[%clk 00:07:43]

} {

[%emt 00:00:43]

} 33. h4 {

[%clk 00:09:08]

} {

[%emt 00:00:51]

} Bxh4 {

[%clk 00:07:36]

} {

[%emt 00:00:10]

} 34. Bxh5+ {

[%clk 00:09:10]

} {

[%emt 00:00:01]

} Kh6 {

[%clk 00:07:22]

} {

[%emt 00:00:17]

} 35. Bf3 {

[%clk 00:09:09]

} {

[%emt 00:00:04]

} Kg6 {

[%clk 00:06:54]

} {

[%emt 00:00:31]

} 36. Rd8 {

[%clk 00:08:36]

} {

[%emt 00:00:36]

} Bf2 {

[%clk 00:06:48]

} {

[%emt 00:00:09]

} 37. Rb8 {

[%clk 00:08:23]

} {

[%emt 00:00:16]

} b6 {

[%clk 00:06:49]

} {

[%emt 00:00:02]

} 38. Kb3 {

[%clk 00:08:10]

} {

[%emt 00:00:17]

} Be3 {

[%clk 00:06:43]

} {

[%emt 00:00:08]

} 39. Rd8 {

[%clk 00:06:46]

} {

[%emt 00:01:27]

} Kg5 {

[%clk 00:06:13]

} {

[%emt 00:00:33]

} 40. Rg8+ {

[%clk 00:06:35]

} {

[%emt 00:00:14]

} Kf5 {

[%clk 00:06:11]

} {

[%emt 00:00:05]

} 41. Rd8 {

[%clk 00:06:31]

} {

[%emt 00:00:07]

} Re5 {

[%clk 00:05:30]

} {

[%emt 00:00:44]

} 42. Kc2 {

[%clk 00:05:42]

} {

[%emt 00:00:53]

} Ke6 {

[%clk 00:05:15]

} {

[%emt 00:00:17]

} 43. Bg4+ {

[%clk 00:05:14]

} {

[%emt 00:00:32]

} f5 {

[%clk 00:04:44]

} {

[%emt 00:00:34]

} 44. Re8+ {

[%clk 00:04:41]

} {

[%emt 00:00:36]

} 1/2-1/2

[Event "Priit Leito Memorial Tournament"]
[Site "Tallinn, Paul Keres Chess House, Estonia"]
[Date "2023.02.04"]
[Round "6.6"]
[White "Timoshin, Andrei"]
[Black "Shvyrjov, Igor"]
[Result "0-1"]
[TimeControl " Rapid: 15 minutes for game with 3 seconds increment from move 1"]
[BlackTitle "GM"]
[WhiteElo "2094"]
[BlackElo "2282"]

1. e4 {

[%clk 00:15:03]

} {

[%emt 00:00:02]

} g6 {

[%clk 00:15:05]

} {

[%emt 00:00:02]

} 2. d4 {

[%clk 00:15:05]

} {

[%emt 00:00:01]

} Bg7 {

[%clk 00:15:07]

} 3. Nc3 {

[%clk 00:14:58]

} {

[%emt 00:00:11]

} d6 {

[%clk 00:15:09]

} 4. Nf3 {

[%clk 00:14:59]

} {

[%emt 00:00:02]

} Bg4 {

[%clk 00:15:04]

} {

[%emt 00:00:08]

} 5. Be3 {

[%clk 00:14:54]

} {

[%emt 00:00:08]

} Nf6 {

[%clk 00:15:01]

} {

[%emt 00:00:06]

} 6. h3 {

[%clk 00:14:17]

} {

[%emt 00:00:40]

} Bxf3 {

[%clk 00:15:02]

} {

[%emt 00:00:02]

} 7. Qxf3 {

[%clk 00:14:19]

} {

[%emt 00:00:01]

} c6 {

[%clk 00:14:28]

} {

[%emt 00:00:37]

} 8. O-O-O {

[%clk 00:10:30]

} {

[%emt 00:03:52]

} O-O {

[%clk 00:12:41]

} {

[%emt 00:01:50]

} 9. g4 {

[%clk 00:10:23]

} {

[%emt 00:00:10]

} Qa5 {

[%clk 00:12:16]

} {

[%emt 00:00:28]

} 10. Kb1 {

[%clk 00:10:14]

} {

[%emt 00:00:11]

} e5 {

[%clk 00:12:01]

} {

[%emt 00:00:18]

} 11. dxe5 {

[%clk 00:07:45]

} {

[%emt 00:02:33]

} dxe5 {

[%clk 00:11:56]

} {

[%emt 00:00:08]

} 12. Ne2 {

[%clk 00:07:25]

} {

[%emt 00:00:22]

} Na6 {

[%clk 00:11:16]

} {

[%emt 00:00:44]

} 13. Ng3 {

[%clk 00:07:26]

} {

[%emt 00:00:02]

} Rad8 {

[%clk 00:09:17]

} {

[%emt 00:02:02]

} 14. Be2 {

[%clk 00:05:10]

} {

[%emt 00:02:19]

} Nc5 {

[%clk 00:06:59]

} {

[%emt 00:02:21]

} 15. Bg5 {

[%clk 00:03:10]

} {

[%emt 00:02:04]

} Rxd1+ {

[%clk 00:06:16]

} {

[%emt 00:00:47]

} 16. Rxd1 {

[%clk 00:03:10]

} {

[%emt 00:00:03]

} Nfd7 {

[%clk 00:05:59]

} {

[%emt 00:00:19]

} 17. h4 {

[%clk 00:01:42]

} {

[%emt 00:01:31]

} Qc7 {

[%clk 00:03:06]

} {

[%emt 00:02:56]

} 18. Be7 {

[%clk 00:00:59]

} {

[%emt 00:00:47]

} Re8 {

[%clk 00:03:08]

} {

[%emt 00:00:01]

} 19. Bd6 {

[%clk 00:01:00]

} {

[%emt 00:00:02]

} Qc8 {

[%clk 00:02:55]

} {

[%emt 00:00:16]

} 20. Bc4 {

[%clk 00:00:51]

} {

[%emt 00:00:11]

} Ne6 {

[%clk 00:02:56]

} {

[%emt 00:00:02]

} 21. h5 {

[%clk 00:00:39]

} {

[%emt 00:00:15]

} b5 {

[%clk 00:01:55]

} {

[%emt 00:01:04]

} 22. hxg6 {

[%clk 00:00:16]

} {

[%emt 00:00:26]

} hxg6 {

[%clk 00:01:53]

} {

[%emt 00:00:05]

} 23. Bb3 {

[%clk 00:00:18]

} {

[%emt 00:00:02]

} Bf8 {

[%clk 00:01:00]

} {

[%emt 00:00:56]

} 24. Bxf8 {

[%clk 00:00:16]

} {

[%emt 00:00:05]

} Ndxf8 {

[%clk 00:00:52]

} {

[%emt 00:00:12]

} 25. Rh1 {

[%clk 00:00:17]

} {

[%emt 00:00:02]

} Qd8 {

[%clk 00:00:28]

} {

[%emt 00:00:27]

} 26. Qg2 {

[%clk 00:00:11]

} {

[%emt 00:00:08]

} Qf6 {

[%clk 00:00:27]

} {

[%emt 00:00:04]

} 27. Qh2 {

[%clk 00:00:06]

} {

[%emt 00:00:07]

} Rd8 {

[%clk 00:00:25]

} {

[%emt 00:00:05]

} 28. a3 {

[%clk 00:00:08]

} {

[%emt 00:00:02]

} a5 {

[%clk 00:00:26]

} {

[%emt 00:00:02]

} 29. c3 {

[%clk 00:00:09]

} {

[%emt 00:00:01]

} a4 {

[%clk 00:00:28]

} {

[%emt 00:00:02]

} 30. Bc2 {

[%clk 00:00:11]

} {

[%emt 00:00:01]

} Rd2 {

[%clk 00:00:28]

} {

[%emt 00:00:03]

} 31. Rf1 {

[%clk 00:00:04]

} {

[%emt 00:00:09]

} Ng5 {

[%clk 00:00:27]

} {

[%emt 00:00:04]

} 32. Qh4 {

[%clk 00:00:04]

} {

[%emt 00:00:03]

} Nxe4 {

[%clk 00:00:20]

} {

[%emt 00:00:10]

} 33. Qh2 {

[%clk 00:00:04]

} {

[%emt 00:00:04]

} Rxf2 {

[%clk 00:00:14]

} {

[%emt 00:00:09]

} 34. Rxf2 {

[%clk 00:00:04]

} {

[%emt 00:00:02]

} Qxf2 {

[%clk 00:00:16]

} {

[%emt 00:00:01]

} 35. Qh3 {

[%clk 00:00:05]

} {

[%emt 00:00:02]

} Qxg3 {

[%clk 00:00:18]

} {

[%emt 00:00:02]

} 0-1

[Event "Priit Leito Memorial Tournament"]
[Site "Tallinn, Paul Keres Chess House, Estonia"]
[Date "2023.02.04"]
[Round "7.1"]
[White "Miezis, Normunds"]
[Black "Ehlvest, Jaan"]
[Result "1/2-1/2"]
[TimeControl " Rapid: 15 minutes for game with 3 seconds increment from move 1"]
[WhiteTitle "GM"]
[BlackTitle "GM"]
[WhiteElo "2502"]
[BlackElo "2494"]

1. c4 {

[%clk 00:15:03]

} {

[%emt 00:00:02]

} e6 {

[%clk 00:15:04]

} {

[%emt 00:00:02]

} 2. e4 {

[%clk 00:15:02]

} {

[%emt 00:00:04]

} d5 {

[%clk 00:15:06]

} 3. exd5 {

[%clk 00:15:01]

} {

[%emt 00:00:05]

} exd5 {

[%clk 00:15:08]

} {

[%emt 00:00:02]

} 4. d4 {

[%clk 00:15:00]

} {

[%emt 00:00:03]

} Nf6 {

[%clk 00:15:05]

} {

[%emt 00:00:06]

} 5. Nc3 {

[%clk 00:14:54]

} {

[%emt 00:00:09]

} Be7 {

[%clk 00:14:50]

} {

[%emt 00:00:19]

} 6. Nf3 {

[%clk 00:14:40]

} {

[%emt 00:00:17]

} O-O {

[%clk 00:14:50]

} {

[%emt 00:00:02]

} 7. Be2 {

[%clk 00:14:39]

} {

[%emt 00:00:04]

} dxc4 {

[%clk 00:13:05]

} {

[%emt 00:01:49]

} 8. Bxc4 {

[%clk 00:14:35]

} {

[%emt 00:00:06]

} Bg4 {

[%clk 00:13:05]

} {

[%emt 00:00:03]

} 9. Be3 {

[%clk 00:14:23]

} {

[%emt 00:00:15]

} Nbd7 {

[%clk 00:12:59]

} {

[%emt 00:00:09]

} 10. O-O {

[%clk 00:14:09]

} {

[%emt 00:00:16]

} Nb6 {

[%clk 00:12:58]

} {

[%emt 00:00:04]

} 1/2-1/2

[Event "Priit Leito Memorial Tournament"]
[Site "Tallinn, Paul Keres Chess House, Estonia"]
[Date "2023.02.04"]
[Round "7.2"]
[White "Nyback, Tomi"]
[Black "Shvyrjov, Igor"]
[Result "1-0"]
[TimeControl " Rapid: 15 minutes for game with 3 seconds increment from move 1"]
[WhiteTitle "GM"]
[BlackTitle "GM"]
[WhiteElo "2572"]
[BlackElo "2282"]

1. d4 {

[%clk 00:15:03]

} {

[%emt 00:00:02]

} d6 {

[%clk 00:15:05]

} {

[%emt 00:00:02]

} 2. Nf3 {

[%clk 00:15:01]

} {

[%emt 00:00:05]

} Bg4 {

[%clk 00:15:06]

} {

[%emt 00:00:01]

} 3. c4 {

[%clk 00:14:51]

} {

[%emt 00:00:13]

} Nf6 {

[%clk 00:15:01]

} {

[%emt 00:00:09]

} 4. g3 {

[%clk 00:14:45]

} {

[%emt 00:00:09]

} c6 {

[%clk 00:14:54]

} {

[%emt 00:00:11]

} 5. Bg2 {

[%clk 00:14:44]

} {

[%emt 00:00:03]

} g6 {

[%clk 00:14:51]

} {

[%emt 00:00:06]

} 6. Nc3 {

[%clk 00:14:36]

} {

[%emt 00:00:10]

} Bg7 {

[%clk 00:14:52]

} {

[%emt 00:00:02]

} 7. h3 {

[%clk 00:14:32]

} {

[%emt 00:00:07]

} Bxf3 {

[%clk 00:14:50]

} {

[%emt 00:00:05]

} 8. Bxf3 {

[%clk 00:14:33]

} {

[%emt 00:00:02]

} O-O {

[%clk 00:14:48]

} {

[%emt 00:00:05]

} 9. O-O {

[%clk 00:14:32]

} {

[%emt 00:00:03]

} Nbd7 {

[%clk 00:14:46]

} {

[%emt 00:00:06]

} 10. Rb1 {

[%clk 00:13:46]

} {

[%emt 00:00:49]

} a5 {

[%clk 00:14:46]

} {

[%emt 00:00:03]

} 11. b3 {

[%clk 00:13:40]

} {

[%emt 00:00:09]

} Re8 {

[%clk 00:14:48]

} {

[%emt 00:00:01]

} 12. e4 {

[%clk 00:13:32]

} {

[%emt 00:00:11]

} e5 {

[%clk 00:14:06]

} {

[%emt 00:00:45]

} 13. d5 {

[%clk 00:13:28]

} {

[%emt 00:00:06]

} Nc5 {

[%clk 00:13:10]

} {

[%emt 00:01:00]

} 14. Be3 {

[%clk 00:13:12]

} {

[%emt 00:00:18]

} cxd5 {

[%clk 00:12:50]

} {

[%emt 00:00:24]

} 15. cxd5 {

[%clk 00:13:05]

} {

[%emt 00:00:11]

} Nfd7 {

[%clk 00:11:34]

} {

[%emt 00:01:18]

} 16. a3 {

[%clk 00:11:49]

} {

[%emt 00:01:19]

} f5 {

[%clk 00:11:30]

} {

[%emt 00:00:08]

} 17. b4 {

[%clk 00:11:16]

} {

[%emt 00:00:36]

} axb4 {

[%clk 00:11:31]

} {

[%emt 00:00:02]

} 18. axb4 {

[%clk 00:11:18]

} {

[%emt 00:00:01]

} Nxe4 {

[%clk 00:09:35]

} {

[%emt 00:01:59]

} 19. Nxe4 {

[%clk 00:11:14]

} {

[%emt 00:00:07]

} fxe4 {

[%clk 00:09:37]

} {

[%emt 00:00:01]

} 20. Bxe4 {

[%clk 00:11:15]

} {

[%emt 00:00:02]

} Nf6 {

[%clk 00:08:49]

} {

[%emt 00:00:50]

} 21. Bg2 {

[%clk 00:11:15]

} {

[%emt 00:00:03]

} Qd7 {

[%clk 00:08:11]

} {

[%emt 00:00:41]

} 22. Qb3 {

[%clk 00:10:35]

} {

[%emt 00:00:43]

} Qb5 {

[%clk 00:08:02]

} {

[%emt 00:00:13]

} 23. Rfc1 {

[%clk 00:10:16]

} {

[%emt 00:00:21]

} Rec8 {

[%clk 00:07:30]

} {

[%emt 00:00:36]

} 24. Bf1 {

[%clk 00:08:29]

} {

[%emt 00:01:50]

} Qd7 {

[%clk 00:07:32]

} 25. b5 {

[%clk 00:08:25]

} {

[%emt 00:00:06]

} h5 {

[%clk 00:07:31]

} {

[%emt 00:00:04]

} 26. h4 {

[%clk 00:08:09]

} {

[%emt 00:00:19]

} Kh7 {

[%clk 00:06:57]

} {

[%emt 00:00:37]

} 27. Bg5 {

[%clk 00:07:14]

} {

[%emt 00:00:58]

} Ne4 {

[%clk 00:06:40]

} {

[%emt 00:00:20]

} 28. Qe3 {

[%clk 00:06:55]

} {

[%emt 00:00:21]

} Rxc1 {

[%clk 00:06:20]

} {

[%emt 00:00:24]

} 29. Rxc1 {

[%clk 00:06:51]

} {

[%emt 00:00:07]

} Nc5 {

[%clk 00:05:42]

} {

[%emt 00:00:41]

} 30. Rd1 {

[%clk 00:04:58]

} {

[%emt 00:01:55]

} b6 {

[%clk 00:05:30]

} {

[%emt 00:00:16]

} 31. Qe1 {

[%clk 00:04:25]

} {

[%emt 00:00:35]

} e4 {

[%clk 00:04:32]

} {

[%emt 00:01:03]

} 32. Be3 {

[%clk 00:03:31]

} {

[%emt 00:00:56]

} Nd3 {

[%clk 00:04:23]

} {

[%emt 00:00:13]

} 33. Bxd3 {

[%clk 00:02:47]

} {

[%emt 00:00:47]

} exd3 {

[%clk 00:04:25]

} 34. Qb4 {

[%clk 00:02:47]

} {

[%emt 00:00:03]

} Ra2 {

[%clk 00:03:49]

} {

[%emt 00:00:40]

} 35. Rxd3 {

[%clk 00:02:04]

} {

[%emt 00:00:45]

} Ra1+ {

[%clk 00:02:19]

} {

[%emt 00:01:34]

} 36. Kg2 {

[%clk 00:02:01]

} {

[%emt 00:00:05]

} Qf5 {

[%clk 00:02:15]

} {

[%emt 00:00:07]

} 37. Qc4 {

[%clk 00:01:41]

} {

[%emt 00:00:22]

} Ra4 {

[%clk 00:01:26]

} {

[%emt 00:00:54]

} 38. Qxa4 {

[%clk 00:01:18]

} {

[%emt 00:00:26]

} Qxd3 {

[%clk 00:01:28]

} 39. Bxb6 {

[%clk 00:01:14]

} {

[%emt 00:00:07]

} Qxd5+ {

[%clk 00:01:30]

} {

[%emt 00:00:01]

} 40. Kg1 {

[%clk 00:01:15]

} {

[%emt 00:00:01]

} Qd3 {

[%clk 00:01:05]

} {

[%emt 00:00:28]

} 41. Be3 {

[%emt 00:00:18]

} d5 42. Qb4 {

[%clk 00:00:35]

} {

[%emt 00:00:28]

} d4 {

[%clk 00:01:08]

} {

[%emt 00:00:04]

} 43. Bf4 {

[%clk 00:00:36]

} {

[%emt 00:00:01]

} Qc3 {

[%clk 00:00:11]

} {

[%emt 00:01:00]

} 44. Qxc3 {

[%clk 00:00:21]

} {

[%emt 00:00:18]

} dxc3 {

[%clk 00:00:13]

} 45. Kf1 {

[%clk 00:00:19]

} {

[%emt 00:00:05]

} c2 {

[%clk 00:00:14]

} {

[%emt 00:00:03]

} 46. Ke2 {

[%clk 00:00:19]

} {

[%emt 00:00:02]

} Bd4 {

[%clk 00:00:06]

} {

[%emt 00:00:11]

} 47. Kd2 {

[%clk 00:00:14]

} {

[%emt 00:00:08]

} Bxf2 {

[%clk 00:00:06]

} {

[%emt 00:00:03]

} 48. Kxc2 {

[%clk 00:00:16]

} {

[%emt 00:00:01]

} Bb6 {

[%clk 00:00:06]

} {

[%emt 00:00:03]

} 49. Kd3 {

[%clk 00:00:17]

} {

[%emt 00:00:01]

} Kg8 {

[%clk 00:00:07]

} {

[%emt 00:00:02]

} 50. Ke4 {

[%clk 00:00:16]

} {

[%emt 00:00:03]

} Kf7 {

[%clk 00:00:10]

} 1-0